| 000 | 01002nam a2200289 a 4500 | ||
|---|---|---|---|
| 001 | |||
| 003 | DO-SdBNP | ||
| 005 | 20220208103334.0 | ||
| 008 | 091002s2005 dr 000 0 spa d | ||
| 020 | _a9993498432 | ||
| 040 |
_aDO-SdBNP _bspa _cBPMSU |
||
| 082 |
_aRD861.44 _bS669d, 2005 _222 |
||
| 100 | 1 |
_aSánchez Beras, César _d1962- |
|
| 245 | 1 | 0 |
_aDías de carne / _cCésar Sánchez Beras ; edición Amado Alexis Santana Chalas |
| 250 | _a2a.ed. | ||
| 260 |
_aSanto Domingo : _bSecretaría de Estado de Cultura, _c2012. |
||
| 300 |
_a94 p. ; _c24 cm. |
||
| 500 | _aIncluye datos biográficos del autor en la solapa de la cubierta | ||
| 586 | _aPremio Nacional de Poesía Salomé Ureña de Henríquez, 2004 | ||
| 590 | _aInventariado, 2022/VM | ||
| 650 | 4 | _aPoesía dominicana | |
| 650 | 4 | _aLiteratura dominicana. | |
| 700 | 2 |
_a Santana Chalas, Amado Alexis _dedición |
|
| 710 | 2 | _aSecretaría de Estado de Cultura (República Dominicana) | |
| 910 | _a VMateo V. | ||
| 942 |
_2ddc _cBK |
||
| 999 |
_c14019 _d14019 |
||